00857nam a2200229 a 450000100060000000300080000600500170001400800410003103500190007204000350009104100080012608200250013410000240015924501340018326000740031730000370039150200800042850400340050865000260054270000290056870000300059780360BD-RjUL20230623201423.0220914s2006 bg a|||| m||| 00| 0 eng d a(BD-RjUL)80360 aBD-RjULbengcBD-RjULdBD-RjUL aeng a511.33bRAN 2006223 aRaihan, Md. Sazuwar01aOn Principal n-Ideals of A Distributive Nearlattice /cMd. Sazuwar Raihan ;6Supervisor : M. A. Latif, Supervisor : A. S. A. Noor aRajshahi :bDepartment of Mathermatics, University of Rajshahi,c2006 aiv, 112 Leaves :bill, ;c29 cm. aThesis (Ph. D.) -- Department of Mathermatics, University of Rajshahi, 2006 aReferences : Leaves [108]-112 aIdealsvDistributive  aLatif, M. A. Supervisor aNoor, A. S. A. Supervisor